[Event "UGA-chT 2324"]
[Site "Kampala"]
[Date "2023.11.12"]
[Round "12.1"]
[White "Kageni, Julius Ceaser"]
[Black "Dut, Majier Agol"]
[Result "0-1"]
[WhiteElo "1770"]
[BlackElo "1816"]
[PlyCount "28"]
[EventDate "2023.07.16"]
[EventType "team-swiss"]
[EventRounds "14"]
[EventCountry "UGA"]
[SourceTitle "EXT 2025"]
[Source "ChessBase"]
[SourceDate "2024.10.14"]
[SourceVersion "1"]
[SourceVersionDate "2024.10.14"]
[SourceQuality "1"]
[WhiteTeam "Mulago Knights"]
[BlackTeam "Mogadishu CC"]
[WhiteTeamCountry "UGA"]
[BlackTeamCountry "UGA"]

1. e4 e6 2. d3 d5 3. Nd2 Nc6 4. Ngf3 f6 5. g3 Bc5 6. Bg2 h5 7. 0-0 h4 8. Nxh4 dxe4 9. dxe4 Bd7 10. Nb3 Bb6 11. Bf4 Qe7 12. Qe2 e5 13. Nf5 Qf8 14. c4 exf4 0-1